[Event "9MCR_4D_1L_3S"]
[Site "?"]
[Date "2010.??.??"]
[Round "?"]
[White "Pravec, Ladislav"]
[Black "Glaser, Karel"]
[Result "1-0"]
[WhiteElo "2320"]
[BlackElo "2218"]
[Annotator "042"]
[PlyCount "141"]
[EventDate "2010.??.??"]
[EventType "corr"]
[SourceDate "2002.06.29"]

1. d4 Nf6 2. c4 e6 3. Nf3 d5 4. Nc3 c6 5. e3 Bd6 6. Bd3 Nbd7 7. Qc2 O-O 8. O-O
dxc4 9. Bxc4 b5 10. Be2 Bb7 11. Rd1 Qc7 12. e4 e5 13. dxe5 Nxe5 14. Nd4 Neg4
15. g3 Be5 16. Nf5 g6 17. Ne3 h5 18. Nxg4 Nxg4 19. Bf3 Rad8 20. Bg5 f6 21. Bd2
Bc8 22. Ne2 h4 23. Bb4 Rfe8 24. Bc5 a6 25. Bg2 hxg3 26. hxg3 Bd6 27. Bxd6 Rxd6
28. Rxd6 Qxd6 29. Rd1 Qe7 30. Nd4 c5 31. Nc6 Qf8 32. Qd2 c4 33. Qd4 Kg7 34. f4
Qf7 35. Rd2 Qb7 36. Nb4 Be6 37. Bf3 a5 38. Nd5 Bxd5 39. Qxd5 Qb6+ 40. Qd4 Qxd4+
41. Rxd4 Ne3 42. Kf2 Nc2 43. Rd5 Rb8 44. Rd7+ Kf8 45. e5 fxe5 46. fxe5 Nb4 47.
Ke3 Nxa2 48. Kd4 Re8 49. Bc6 c3 50. bxc3 Nxc3 51. Kxc3 Rxe5 52. Rd5 b4+ 53. Kd4
Rh5 54. g4 Rh4 55. Bd7 Ke7 56. Ke5 Rh1 57. Ba4 Re1+ 58. Kd4 Rg1 59. g5 Rg4+ 60.
Kc5 Rg3 61. Re5+ Kf8 62. Kc4 Rg4+ 63. Kd5 b3 64. Bxb3 a4 65. Bd1 Rb4 66. Kc6 a3
67. Ra5 Rb1 68. Be2 Rg1 69. Bc4 Ke7 70. Re5+ Kf8 71. Kd6 1-0

[Event "9MCR_4D_1L_3S"]
[Site "?"]
[Date "2010.??.??"]
[Round "?"]
[White "Pravec, Ladislav"]
[Black "Nigrin, Jiri"]
[Result "1/2-1/2"]
[WhiteElo "2320"]
[BlackElo "2124"]
[Annotator "019"]
[PlyCount "52"]
[EventDate "2010.??.??"]
[EventType "corr"]
[SourceDate "2002.06.29"]

1. d4 Nf6 2. c4 g6 3. Nc3 d5 4. cxd5 Nxd5 5. e4 Nxc3 6. bxc3 c5 7. Bb5+ Bd7 8.
Be2 Bg7 9. Nf3 cxd4 10. cxd4 Bc6 11. Qd3 f5 12. exf5 Qa5+ 13. Bd2 Qxf5 14. Qxf5
gxf5 15. O-O Bd5 16. Ne5 O-O 17. Bb5 Nc6 18. Bxc6 bxc6 19. Rfc1 Bxe5 20. dxe5
Kf7 21. f3 Ke6 22. Bc3 Rab8 23. Rc2 Rg8 24. Kf2 c5 25. Rac1 Rb5 26. Bd2 c4
1/2-1/2

[Event "9MCR_4D_1L_3S"]
[Site "?"]
[Date "2010.??.??"]
[Round "?"]
[White "Pravec, Ladislav"]
[Black "Prchly, Milos"]
[Result "1/2-1/2"]
[WhiteElo "2320"]
[BlackElo "2263"]
[Annotator "045"]
[PlyCount "58"]
[EventDate "2010.??.??"]
[EventType "corr"]
[SourceDate "2002.06.29"]

1. d4 Nf6 2. c4 e6 3. Nf3 b6 4. g3 Bb7 5. Bg2 Be7 6. O-O O-O 7. b3 c5 8. Bb2
cxd4 9. Qxd4 Nc6 10. Qf4 d5 11. Rd1 Qb8 12. Ne5 Bd6 13. Nxc6 Bxc6 14. Qe3 Bc5
15. Bd4 Bxd4 16. Qxd4 Qc7 17. Nc3 dxc4 18. Qxc4 Rac8 19. Rd3 Bxg2 20. Qxc7 Rxc7
21. Kxg2 g6 22. Rad1 a6 23. Kf3 Rfc8 24. Ne4 Nxe4 25. Kxe4 Rc2 26. R1d2 Kg7 27.
Rd6 Kf6 28. Rxc2 Rxc2 29. Kf3 Rxa2 1/2-1/2

[Event "9MCR_4D_1L_3S"]
[Site "?"]
[Date "2010.??.??"]
[Round "?"]
[White "Pravec, Ladislav"]
[Black "Struzka, Vlastimil"]
[Result "1-0"]
[WhiteElo "2320"]
[BlackElo "2187"]
[Annotator "018"]
[PlyCount "63"]
[EventDate "2010.??.??"]
[EventType "corr"]
[SourceDate "2002.06.29"]

1. d4 d5 2. c4 e6 3. Nc3 Nc6 4. Nf3 Be7 5. e3 Nf6 6. Bd3 O-O 7. O-O dxc4 8.
Bxc4 a6 9. a3 h6 10. e4 b5 11. Ba2 Bb7 12. e5 Nd7 13. Re1 Na5 14. Qc2 Rc8 15.
d5 exd5 16. Bxh6 Nb6 17. Bb1 g6 18. Ne2 Qe8 19. Nf4 Nac4 20. e6 f5 21. Bxf8
Kxf8 22. Ne5 Nxe5 23. Rxe5 Bf6 24. Rxf5 gxf5 25. Qxf5 Ke7 26. Ng6+ Qxg6 27.
Qxg6 Rf8 28. Bf5 Kd8 29. Rc1 Be7 30. g4 Nc8 31. Qg7 a5 32. h4 1-0

[Event "9MCR_4D_1L_3S"]
[Site "?"]
[Date "2010.??.??"]
[Round "?"]
[White "Pravec, Ladislav"]
[Black "Vacek, Frantisek"]
[Result "1/2-1/2"]
[WhiteElo "2320"]
[BlackElo "2048"]
[Annotator "037"]
[PlyCount "67"]
[EventDate "2010.??.??"]
[EventType "corr"]
[SourceDate "2002.06.29"]

1. d4 d5 2. c4 e6 3. Nc3 Nf6 4. Nf3 c6 5. e3 Nbd7 6. Bd3 dxc4 7. Bxc4 b5 8. Be2
Bb7 9. O-O b4 10. Na4 Be7 11. a3 a5 12. Qc2 O-O 13. Rd1 c5 14. dxc5 Qc7 15.
axb4 axb4 16. Bd2 Rfb8 17. Bxb4 Bd5 18. Qc3 Ne4 19. Qe1 Qb7 20. Nb6 Nxb6 21.
cxb6 Rxa1 22. Rxa1 Bxb4 23. Qxb4 Qxb6 24. Qxb6 Rxb6 25. Rc1 Nd6 26. Rb1 Be4 27.
Rd1 f6 28. Rd2 Kf7 29. b4 Bd5 30. Rb2 Ne4 31. Bf1 Rc6 32. Nd4 Rc1 33. Ne2 Re1
34. Rc2 1/2-1/2

[Event "9MCR_4D_1L_3S"]
[Site "?"]
[Date "2010.??.??"]
[Round "?"]
[White "Prchly, Milos"]
[Black "Ertl, Lubos"]
[Result "1/2-1/2"]
[WhiteElo "2263"]
[BlackElo "2149"]
[Annotator "069"]
[PlyCount "86"]
[EventDate "2010.??.??"]
[EventType "corr"]
[SourceDate "2002.06.29"]

1. d4 Nf6 2. c4 e6 3. Nc3 Bb4 4. e3 O-O 5. Bd3 d5 6. Nf3 c5 7. O-O Nc6 8. a3
Bxc3 9. bxc3 Qc7 10. cxd5 exd5 11. Nh4 Ne7 12. g3 Bh3 13. Re1 Ng6 14. Ng2 Qd7
15. f3 Bf5 16. Be2 c4 17. g4 Be6 18. a4 h5 19. g5 Nh7 20. e4 h4 21. Rf1 h3 22.
Nf4 Nxf4 23. Bxf4 Rfe8 24. Rb1 f6 25. gxf6 Nxf6 26. e5 Nh7 27. Qc1 Bf5 28. Rb5
Nf8 29. Kf2 Ne6 30. Be3 Rac8 31. f4 b6 32. Rg1 Rf8 33. Rg3 Rc6 34. Bd1 Nc7 35.
Rb2 Rg6 36. Rxg6 Bxg6 37. Ke1 Bd3 38. Rf2 Qf5 39. Qa3 Qe4 40. Qc1 Qg6 41. Rf3
Qg2 42. Rf2 Qg6 43. Rf3 Qg2 1/2-1/2

[Event "9MCR_4D_1L_3S"]
[Site "?"]
[Date "2010.??.??"]
[Round "?"]
[White "Prchly, Milos"]
[Black "Gubas, Jan"]
[Result "1/2-1/2"]
[WhiteElo "2263"]
[BlackElo "2326"]
[Annotator "060"]
[PlyCount "101"]
[EventDate "2010.??.??"]
[EventType "corr"]
[SourceDate "2002.06.29"]

1. d4 Nf6 2. c4 e6 3. Nc3 Bb4 4. e3 d5 5. Nf3 O-O 6. Bd3 c5 7. O-O dxc4 8. Bxc4
cxd4 9. exd4 h6 10. Bf4 Bd6 11. Ne5 Nc6 12. Rc1 Qe7 13. Nxc6 bxc6 14. Be5 Bb7
15. Qf3 Rad8 16. Rfd1 c5 17. Bxf6 gxf6 18. d5 f5 19. Qh5 Qf6 20. dxe6 fxe6 21.
Re1 Bc8 22. g3 Kh7 23. Rc2 e5 24. Rd1 Bb8 25. Bd5 e4 26. Na4 Qg6 27. Qxg6+ Kxg6
28. Nxc5 Rd6 29. Na4 h5 30. Rc5 h4 31. Nc3 hxg3 32. hxg3 Kg7 33. Kg2 Rh6 34.
Rh1 Rxh1 35. Kxh1 Kf6 36. Rc6+ Kg5 37. Rc5 Kf6 38. Rc6+ Kg5 39. Kg2 Be5 40.
Nxe4+ fxe4 41. Bxe4 Rg8 42. b3 Bd7 43. Ra6 Rg7 44. Ra5 Kf6 45. Ra6+ Kg5 46. Kh2
Bd4 47. f4+ Kh5 48. Rd6 Bf2 49. Kg2 Be1 50. Bf3+ Bg4 51. Rd5+ 1/2-1/2

[Event "9MCR_4D_1L_3S"]
[Site "?"]
[Date "2010.??.??"]
[Round "?"]
[White "Prchly, Milos"]
[Black "Jarabinsky, Martin"]
[Result "1-0"]
[WhiteElo "2263"]
[BlackElo "2081"]
[Annotator "074 - PCL"]
[PlyCount "80"]
[EventDate "2010.??.??"]
[EventType "corr"]
[SourceDate "2002.06.29"]

1. d4 d5 2. c4 e6 3. Nc3 Nf6 4. Bg5 Be7 5. e3 h6 6. Bh4 O-O 7. Nf3 b6 8. cxd5
Nxd5 9. Bxe7 Qxe7 10. Nxd5 exd5 11. Rc1 Be6 12. Qa4 c5 13. Qa3 Rc8 14. Bb5 Qb7
15. dxc5 bxc5 16. Rxc5 Rxc5 17. Qxc5 Na6 18. Bxa6 Qxa6 19. Qa3 Qc4 20. Kd2 Qg4
21. Rg1 d4 22. exd4 Rb8 23. b3 Qf4+ 24. Kc2 Bf5+ 25. Kb2 Rc8 26. Qe7 Rc2+ 27.
Ka3 Qb8 28. Re1 Be6 29. Rxe6 fxe6 30. Qxe6+ Kh8 31. Ne5 Rxf2 32. g4 a5 33. Nc6
Qxh2 34. Qe8+ Kh7 35. Qe4+ g6 36. Qe7+ Kg8 37. Qe6+ Kg7 38. Qd7+ Rf7 39. Qd5
Qc7 40. Ka4 Rf6 1-0

[Event "9MCR_4D_1L_3S"]
[Site "?"]
[Date "2010.??.??"]
[Round "?"]
[White "Prchly, Milos"]
[Black "Kasik, Miroslav"]
[Result "1/2-1/2"]
[WhiteElo "2263"]
[BlackElo "2123"]
[Annotator "020"]
[PlyCount "40"]
[EventDate "2010.??.??"]
[EventType "corr"]
[SourceDate "2002.06.29"]

1. d4 Nf6 2. c4 e6 3. Nc3 Bb4 4. e3 O-O 5. Bd3 d5 6. Nf3 c5 7. O-O cxd4 8. exd4
dxc4 9. Bxc4 Nc6 10. a3 Bd6 11. Bg5 h6 12. Bh4 a6 13. Re1 g5 14. Bg3 Bxg3 15.
hxg3 Kg7 16. Rc1 g4 17. Ne5 Qxd4 18. Nxc6 Qxd1 19. Rcxd1 bxc6 20. Ne4 Nd5
1/2-1/2

[Event "9MCR_4D_1L_3S"]
[Site "?"]
[Date "2010.??.??"]
[Round "?"]
[White "Prchly, Milos"]
[Black "Mudra, Oldrich"]
[Result "1-0"]
[WhiteElo "2263"]
[BlackElo "2191"]
[Annotator "076"]
[PlyCount "103"]
[EventDate "2010.??.??"]
[EventType "corr"]
[SourceDate "2002.06.29"]

1. d4 Nf6 2. c4 e6 3. Nc3 d5 4. Bg5 Be7 5. e3 O-O 6. Nf3 Nbd7 7. Rc1 dxc4 8.
Bxc4 a6 9. a4 c5 10. O-O cxd4 11. exd4 Nd5 12. Bxe7 Nxe7 13. Re1 Nf6 14. Ne5
Bd7 15. Qb3 Rb8 16. Nxd7 Qxd7 17. Rxe6 Rbc8 18. Ree1 Nc6 19. Ne2 Na5 20. Qb4
Nxc4 21. Rxc4 Rxc4 22. Qxc4 Rc8 23. Qb4 Re8 24. Kf1 Qd5 25. f3 Rd8 26. a5 Qd7
27. h3 h6 28. Rc1 Nd5 29. Qd2 Qd6 30. Rc4 Ne7 31. Qb4 Qd7 32. Rc5 Nc6 33. Qc4
Qd6 34. d5 Ne5 35. Qd4 Nd3 36. Rc3 Nb4 37. Nf4 Nc6 38. Qe4 Ne7 39. Rb3 Qc7 40.
Rc3 Qd6 41. b4 Qf6 42. Rc7 Nf5 43. Ne2 Kf8 44. g4 Nd6 45. Qf4 Qb2 46. Qd4 Qb1+
47. Kg2 Kg8 48. Re7 Rc8 49. Qf4 Rd8 50. Qd2 Kf8 51. Rc7 Qa2 52. Qxa2 1-0

[Event "9MCR_4D_1L_3S"]
[Site "?"]
[Date "2010.??.??"]
[Round "?"]
[White "Struzka, Vlastimil"]
[Black "Ertl, Lubos"]
[Result "1/2-1/2"]
[WhiteElo "2187"]
[BlackElo "2149"]
[Annotator "029"]
[PlyCount "71"]
[EventDate "2010.??.??"]
[EventType "corr"]
[SourceDate "2002.06.29"]

1. d4 Nf6 2. Nc3 d5 3. Bf4 e6 4. e3 Bd6 5. Nf3 Bxf4 6. exf4 Nbd7 7. Bb5 a6 8.
Be2 b5 9. O-O O-O 10. a3 Bb7 11. Ne5 Nxe5 12. fxe5 Ne4 13. a4 Nxc3 14. bxc3 Qd7
15. axb5 axb5 16. Bd3 Ra4 17. Qb1 Bc6 18. Qb2 Rfa8 19. g3 Qe7 20. Rfb1 Be8 21.
Rxa4 bxa4 22. Qb7 Qd8 23. f4 a3 24. Ra1 Ra4 25. Ra2 Bd7 26. f5 Qc8 27. Qb3 c5
28. Bb5 Bxb5 29. Qxb5 Ra8 30. fxe6 fxe6 31. dxc5 Rb8 32. Qa5 Qf8 33. Kg2 Qf5
34. Qxa3 Qe4+ 35. Kh3 Qxe5 36. Qa6 1/2-1/2

[Event "9MCR_4D_1L_3S"]
[Site "?"]
[Date "2010.??.??"]
[Round "?"]
[White "Struzka, Vlastimil"]
[Black "Glaser, Karel"]
[Result "1/2-1/2"]
[WhiteElo "2187"]
[BlackElo "2218"]
[Annotator "007"]
[PlyCount "80"]
[EventDate "2010.??.??"]
[EventType "corr"]
[SourceDate "2002.06.29"]

1. d4 Nf6 2. Nf3 e6 3. Nc3 d5 4. g3 Be7 5. Bg2 O-O 6. O-O c5 7. dxc5 Bxc5 8.
Bg5 Nbd7 9. Na4 Be7 10. Nc3 h6 11. Bf4 a6 12. Qd2 b5 13. a3 Bb7 14. h3 Nb6 15.
Qc1 Rc8 16. Rd1 Nc4 17. e4 Qb6 18. exd5 Bc5 19. Rf1 Nxd5 20. Nxd5 Bxd5 21. b3
Qb7 22. bxc4 Bxf3 23. Bxf3 Qxf3 24. cxb5 g5 25. Be3 axb5 26. Bxc5 Rxc5 27. a4
bxa4 28. Rxa4 Rfc8 29. c4 Qe4 30. Qb2 Rxc4 31. Rxc4 Rxc4 32. Qf6 Qh7 33. Rd1
Qg7 34. Rd8+ Kh7 35. Qe7 h5 36. Kg2 h4 37. g4 Qg6 38. Qf8 Qg7 39. Qe7 Rf4 40.
Qe8 Qf6 1/2-1/2

[Event "9MCR_4D_1L_3S"]
[Site "?"]
[Date "2010.??.??"]
[Round "?"]
[White "Struzka, Vlastimil"]
[Black "Gubas, Jan"]
[Result "1-0"]
[WhiteElo "2187"]
[BlackElo "2326"]
[Annotator "026"]
[PlyCount "83"]
[EventDate "2010.??.??"]
[EventType "corr"]
[SourceDate "2002.06.29"]

1. d4 Nf6 2. Nf3 d5 3. c4 e6 4. Nc3 Bb4 5. e3 O-O 6. Bd2 Nc6 7. a3 Bd6 8. Qc2
Re8 9. h3 Rb8 10. Bd3 dxc4 11. Bxc4 h6 12. O-O e5 13. dxe5 Nxe5 14. Nxe5 Rxe5
15. e4 Re8 16. f4 Be6 17. Bxe6 Bc5+ 18. Kh1 Rxe6 19. Rad1 Qe8 20. e5 Nd7 21.
Ne4 Rc6 22. Bc3 Be7 23. Rf3 Rd8 24. Rfd3 Nc5 25. Rxd8 Bxd8 26. Nxc5 Rxc5 27.
Qd3 Be7 28. b4 Rc6 29. b5 Rb6 30. a4 a6 31. Ba5 Re6 32. Bxc7 axb5 33. axb5 g6
34. g4 Rc6 35. bxc6 Qxc6+ 36. Qd5 Qxc7 37. f5 Qc3 38. Qd3 Qc6+ 39. Kh2 Qc7 40.
Qe4 gxf5 41. gxf5 f6 42. Rb1 1-0

[Event "9MCR_4D_1L_3S"]
[Site "?"]
[Date "2010.??.??"]
[Round "?"]
[White "Struzka, Vlastimil"]
[Black "Jarabinsky, Martin"]
[Result "1-0"]
[WhiteElo "2187"]
[BlackElo "2081"]
[Annotator "031"]
[PlyCount "71"]
[EventDate "2010.??.??"]
[EventType "corr"]
[SourceDate "2002.06.29"]

1. d4 Nf6 2. Nc3 d5 3. Bf4 Bf5 4. Nf3 e6 5. e3 Bd6 6. Ne5 Nfd7 7. Bd3 Bxe5 8.
dxe5 Bxd3 9. cxd3 c5 10. Qg4 g6 11. O-O Nc6 12. Qg3 Qb6 13. b3 h5 14. h4 Qa5
15. Rfc1 O-O 16. e4 d4 17. Nb1 b5 18. a4 Rfb8 19. Nd2 Qc7 20. Bg5 a6 21. f4 Nb4
22. Qf3 Nb6 23. a5 Nd7 24. Qe2 Kh7 25. Nf3 Nc6 26. Qd2 Rc8 27. Bf6 Kg8 28. Ng5
Rab8 29. g4 Ncxe5 30. fxe5 Nxf6 31. exf6 hxg4 32. Kg2 Qe5 33. Nxf7 Kxf7 34. Qh6
Kxf6 35. Qh7 Qh5 36. Rf1+ 1-0

[Event "9MCR_4D_1L_3S"]
[Site "?"]
[Date "2010.??.??"]
[Round "?"]
[White "Struzka, Vlastimil"]
[Black "Kasik, Miroslav"]
[Result "1/2-1/2"]
[WhiteElo "2187"]
[BlackElo "2123"]
[Annotator "003"]
[PlyCount "68"]
[EventDate "2010.??.??"]
[EventType "corr"]
[SourceDate "2002.06.29"]

1. d4 Nf6 2. Nc3 d5 3. Nf3 e6 4. Bg5 Bb4 5. Qd2 O-O 6. a3 Be7 7. g3 Nbd7 8. Bg2
h6 9. Bf4 c5 10. dxc5 Bxc5 11. O-O Ne4 12. Qd3 g5 13. Be3 g4 14. Nd4 Ne5 15.
Qb5 a6 16. Qb3 Bxd4 17. Bxd4 Nd2 18. Qa2 Nxf1 19. Bxe5 Nd2 20. Bf4 Nc4 21. e4
Qf6 22. exd5 b5 23. d6 Ra7 24. Ne4 Qg6 25. b3 e5 26. Bxh6 Qxh6 27. bxc4 f5 28.
Nc3 e4 29. Rd1 Rh7 30. Nd5 Qxh2+ 31. Kf1 Be6 32. Qb2 Bxd5 33. Rxd5 Qh6 34. Qc3
Rhf7 1/2-1/2

[Event "9MCR_4D_1L_3S"]
[Site "?"]
[Date "2010.??.??"]
[Round "?"]
[White "Struzka, Vlastimil"]
[Black "Prchly, Milos"]
[Result "0-1"]
[WhiteElo "2187"]
[BlackElo "2263"]
[Annotator "033"]
[PlyCount "64"]
[EventDate "2010.??.??"]
[EventType "corr"]
[SourceDate "2002.06.29"]

1. d4 Nf6 2. Nf3 e6 3. Nc3 d5 4. Bf4 Bb4 5. g3 Ne4 6. Bd2 Bxc3 7. Bxc3 Nxc3 8.
bxc3 c5 9. Bg2 O-O 10. O-O Nc6 11. a4 b6 12. c4 Ba6 13. cxd5 exd5 14. dxc5 bxc5
15. Ne1 Nd4 16. Nd3 Rb8 17. Qd2 Qd6 18. Rab1 Ne6 19. Rfe1 Rfd8 20. Qa5 g6 21.
e3 h5 22. Ne5 Qxe5 23. Qxa6 Rb2 24. Rxb2 Qxb2 25. Bxd5 Rxd5 26. Qxa7 Kg7 27.
Rf1 Ng5 28. h4 Ne4 29. a5 Qxc2 30. Qb8 Qe2 31. Qb1 Nd2 32. Qb2+ Kh7 0-1

[Event "9MCR_4D_1L_3S"]
[Site "?"]
[Date "2010.??.??"]
[Round "?"]
[White "Vacek, Frantisek"]
[Black "Glaser, Karel"]
[Result "1/2-1/2"]
[WhiteElo "2048"]
[BlackElo "2218"]
[Annotator "002"]
[PlyCount "49"]
[EventDate "2010.??.??"]
[EventType "corr"]
[SourceDate "2002.06.29"]

1. e4 e5 2. Nf3 Nc6 3. d4 exd4 4. Nxd4 Nf6 5. Nxc6 bxc6 6. e5 Qe7 7. Qe2 Nd5 8.
c4 Ba6 9. b3 Qh4 10. a3 Bc5 11. Qf3 Ne7 12. Bb2 Ng6 13. Nd2 O-O 14. Qg3 Qxg3
15. hxg3 Nxe5 16. Bxe5 Rae8 17. Nf3 f6 18. b4 Bd6 19. O-O-O fxe5 20. c5 Bxf1
21. Rhxf1 e4 22. Nd2 e3 23. fxe3 Bxg3 24. Rxf8+ Kxf8 25. Nf1 1/2-1/2

[Event "9MCR_4D_1L_3S"]
[Site "?"]
[Date "2010.??.??"]
[Round "?"]
[White "Vacek, Frantisek"]
[Black "Gubas, Jan"]
[Result "0-1"]
[WhiteElo "2048"]
[BlackElo "2326"]
[Annotator "048"]
[PlyCount "110"]
[EventDate "2010.??.??"]
[EventType "corr"]
[SourceDate "2002.06.29"]

1. e4 e5 2. Nf3 Nc6 3. d4 exd4 4. Nxd4 Bc5 5. Be3 Qf6 6. c3 Qg6 7. Qe2 Nxd4 8.
cxd4 Bb4+ 9. Bd2 Bxd2+ 10. Nxd2 Ne7 11. Qc4 c6 12. Qb4 d5 13. e5 b6 14. a4 Bd7
15. a5 c5 16. dxc5 Nc6 17. Qc3 O-O 18. cxb6 axb6 19. Be2 Qxg2 20. Bf3 Qg6 21.
Bxd5 Rxa5 22. Rxa5 Nxa5 23. Be4 Bf5 24. Qf3 Bxe4 25. Qxe4 Nc6 26. f4 Qxe4+ 27.
Nxe4 f6 28. e6 Nd4 29. f5 Nxf5 30. Rg1 Ne7 31. Kf2 f5 32. Ng5 g6 33. Rd1 h6 34.
Rd7 hxg5 35. Rxe7 Rf6 36. Re8+ Kg7 37. h3 Rf8 38. Re7+ Kf6 39. Rb7 Re8 40. Rxb6
Rxe6 41. Rb5 Rd6 42. Ke3 f4+ 43. Ke2 Re6+ 44. Kf2 Re3 45. Rb6+ Kg7 46. Rb7+ Kh6
47. Rb8 g4 48. hxg4 Kg5 49. Rb6 Rg3 50. Kf1 Rxg4 51. Rb3 Rh4 52. Kg2 Kg4 53.
Rc3 Rh7 54. b4 Rd7 55. Rc2 g5 0-1

[Event "9MCR_4D_1L_3S"]
[Site "?"]
[Date "2010.??.??"]
[Round "?"]
[White "Vacek, Frantisek"]
[Black "Kasik, Miroslav"]
[Result "1/2-1/2"]
[WhiteElo "2048"]
[BlackElo "2123"]
[Annotator "049"]
[PlyCount "123"]
[EventDate "2010.??.??"]
[EventType "corr"]
[SourceDate "2002.06.29"]

1. d4 Nf6 2. c4 e6 3. Nf3 d5 4. Nc3 c6 5. e3 Nbd7 6. Bd3 Bd6 7. O-O O-O 8. Bd2
dxc4 9. Bxc4 e5 10. dxe5 Nxe5 11. Nxe5 Bxe5 12. Qc2 Bc7 13. Rad1 Qd6 14. g3 Qe5
15. Be2 Bf5 16. Qb3 Rab8 17. Rfe1 Be6 18. Qa4 b5 19. Qc2 b4 20. Na4 b3 21. axb3
Bxb3 22. Qxc6 Ne4 23. Nc3 Bxd1 24. Rxd1 Nxd2 25. Rxd2 Rfd8 26. Rd5 Qe7 27.
Rxd8+ Bxd8 28. Nb5 Rb6 29. Qa8 a6 30. Nd4 Rxb2 31. Nc6 Qf8 32. Bc4 Bf6 33. Qxa6
h5 34. h4 Rd2 35. Qa5 Rc2 36. Qd5 g6 37. e4 Bg7 38. e5 Kh7 39. Nd4 Rc1+ 40. Kh2
Bxe5 41. Ne2 Rc2 42. Qe4 Qc5 43. Qxc2 Qxf2+ 44. Kh3 Bxg3 45. Nd4 Qxd4 46. Kxg3
Qg4+ 47. Kf2 Qxh4+ 48. Kg2 Qg4+ 49. Kh2 f5 50. Be2 Qh4+ 51. Kg2 Qg5+ 52. Kf2
Qf6 53. Qc5 Kh6 54. Qe3+ g5 55. Kg1 h4 56. Kh2 Kg6 57. Qe8+ Kh6 58. Qe3 Kg6 59.
Qe8+ Kg7 60. Qd7+ Kh6 61. Bd3 Qe5+ 62. Kg2 1/2-1/2

[Event "9MCR_4D_1L_3S"]
[Site "?"]
[Date "2010.??.??"]
[Round "?"]
[White "Vacek, Frantisek"]
[Black "Nigrin, Jiri"]
[Result "1/2-1/2"]
[WhiteElo "2048"]
[BlackElo "2124"]
[Annotator "009"]
[PlyCount "43"]
[EventDate "2010.??.??"]
[EventType "corr"]
[SourceDate "2002.06.29"]

1. d4 Nf6 2. c4 g6 3. Nc3 d5 4. Nf3 Bg7 5. Qb3 dxc4 6. Qxc4 O-O 7. e4 a6 8. Bf4
b5 9. Qxc7 Qxc7 10. Bxc7 Bb7 11. Bd3 b4 12. Na4 Nxe4 13. O-O Nf6 14. Rac1 Nbd7
15. Rfe1 Bxf3 16. gxf3 Nd5 17. Be4 N7f6 18. Red1 a5 19. Bg3 Rfd8 20. Rc5 Ra7
21. Kf1 e6 22. Rdc1 1/2-1/2

[Event "9MCR_4D_1L_3S"]
[Site "?"]
[Date "2010.??.??"]
[Round "?"]
[White "Vacek, Frantisek"]
[Black "Prchly, Milos"]
[Result "0-1"]
[WhiteElo "2048"]
[BlackElo "2263"]
[Annotator "073"]
[PlyCount "100"]
[EventDate "2010.??.??"]
[EventType "corr"]
[SourceDate "2002.06.29"]

1. e4 c5 2. Nf3 d6 3. d4 cxd4 4. Nxd4 Nf6 5. Nc3 g6 6. Be3 Bg7 7. Be2 Nc6 8.
O-O O-O 9. f4 Qb6 10. e5 dxe5 11. fxe5 Nxe5 12. Nf5 Qxb2 13. Nxe7+ Kh8 14. Bd4
Qb4 15. Bxe5 Qxe7 16. Qd4 Nh5 17. Bxg7+ Nxg7 18. Bf3 Be6 19. Rab1 Rfd8 20. Nd5
Qd6 21. c4 b6 22. Rbc1 Qa3 23. Rc3 Qf8 24. Rcc1 Rac8 25. Qb2 Rc5 26. Rfd1 Rdc8
27. Qf6 b5 28. Ne3 bxc4 29. Bg4 Bxg4 30. Nxg4 R5c6 31. Qc3 f6 32. Ne3 Re6 33.
Qd4 Qe8 34. Nd5 Nf5 35. Qxa7 c3 36. Qf2 Re2 37. Re1 Rxe1+ 38. Rxe1 Qf7 39. Nb4
h5 40. a3 Kg7 41. h3 Rd8 42. g4 hxg4 43. hxg4 Rd2 44. Re2 Nh4 45. Kf1 Rd1+ 46.
Re1 Qc4+ 47. Qe2 Qf4+ 48. Qf2 Rxe1+ 49. Kxe1 Qc1+ 50. Ke2 c2 0-1

[Event "9MCR_4D_1L_3S"]
[Site "?"]
[Date "2010.??.??"]
[Round "?"]
[White "Vacek, Frantisek"]
[Black "Struzka, Vlastimil"]
[Result "1/2-1/2"]
[WhiteElo "2048"]
[BlackElo "2187"]
[Annotator "025"]
[PlyCount "62"]
[EventDate "2010.??.??"]
[EventType "corr"]
[SourceDate "2002.06.29"]

1. d4 d5 2. Nf3 Nc6 3. c4 e6 4. Nc3 Nf6 5. Bg5 Be7 6. e3 O-O 7. Bd3 Nb4 8. Be2
dxc4 9. Bxc4 b6 10. e4 c5 11. dxc5 Bxc5 12. O-O h6 13. Bh4 g5 14. Bg3 Nc6 15.
Qe2 Nh5 16. Rfd1 Nxg3 17. hxg3 Qc7 18. e5 Bb7 19. Nb5 Qe7 20. Nd6 Rad8 21. Nxb7
Qxb7 22. Rac1 Nd4 23. Nxd4 Rxd4 24. Rxd4 Bxd4 25. Rd1 Rd8 26. Qg4 b5 27. Rxd4
Rxd4 28. Qxd4 bxc4 29. Qd8+ Kg7 30. Qf6+ Kh7 31. Kh2 Kg8 1/2-1/2

[Event "9MCR_4D_1L_4S"]
[Site "?"]
[Date "2010.??.??"]
[Round "?"]
[White "Bares, Jiri"]
[Black "Karasova, Eva"]
[Result "1/2-1/2"]
[WhiteElo "2218"]
[BlackElo "2228"]
[Annotator "072"]
[PlyCount "86"]
[EventDate "2010.??.??"]
[EventType "corr"]
[SourceDate "2002.06.29"]

1. d4 d5 2. c4 dxc4 3. Nf3 Nf6 4. e3 e6 5. Bxc4 c5 6. O-O cxd4 7. exd4 Bd6 8.
Nc3 O-O 9. Bg5 Nc6 10. Re1 h6 11. Bh4 Be7 12. Rc1 Qb6 13. Rc2 Qb4 14. Bb5 Rd8
15. a3 Qa5 16. Rd2 Bd7 17. d5 Nxd5 18. Nxd5 Bxh4 19. b4 Bxf2+ 20. Rxf2 Qxb5 21.
Nc7 Qh5 22. Nxa8 Be8 23. Nd2 Qxd1 24. Rxd1 Rxa8 25. Nc4 Rb8 26. Nd6 Kf8 27. Re1
Ke7 28. Rd2 a6 29. Kf2 f6 30. Nxe8 Rxe8 31. Red1 Kf7 32. Rd7+ Re7 33. Rxe7+
Kxe7 34. Rc1 Kd6 35. g4 b5 36. h4 g5 37. Rd1+ Ke5 38. hxg5 hxg5 39. Rd7 f5 40.
Rc7 Nd4 41. Ra7 Kd5 42. Rxa6 Kc4 43. a4 bxa4 1/2-1/2

[Event "9MCR_4D_1L_4S"]
[Site "?"]
[Date "2010.??.??"]
[Round "?"]
[White "Bares, Jiri"]
[Black "Tomisek, Petr"]
[Result "0-1"]
[WhiteElo "2218"]
[BlackElo "2187"]
[Annotator "074"]
[PlyCount "134"]
[EventDate "2010.??.??"]
[EventType "corr"]
[SourceDate "2002.06.29"]

1. d4 d5 2. c4 Nc6 3. cxd5 Qxd5 4. Nf3 e5 5. Nc3 Bb4 6. Bd2 Bxc3 7. Bxc3 e4 8.
Ne5 e3 9. fxe3 Nxe5 10. dxe5 Ne7 11. Rg1 Be6 12. Qxd5 Nxd5 13. Bd2 Nb6 14. b3
a5 15. g3 a4 16. Rb1 axb3 17. axb3 Ra2 18. Bg2 Nd5 19. Bf3 O-O 20. Rd1 Re8 21.
b4 c6 22. e4 Nc7 23. Be3 Rb2 24. Kf2 Rxb4 25. Bc5 Rc4 26. Rc1 Ra8 27. g4 h6 28.
h4 Rxc1 29. Rxc1 Bd7 30. e3 Ne6 31. Bd6 g5 32. h5 Nf8 33. Be2 Be6 34. Rb1 b5
35. Rc1 Ra6 36. Kf3 Nd7 37. Kg3 Kh7 38. Bf1 Rb6 39. Rb1 Rb7 40. Be2 Kg7 41. Bd3
Kh8 42. Be2 Kg8 43. Bf1 Ra7 44. Rc1 b4 45. Bxb4 Ra4 46. Bd6 Rxe4 47. Kf3 Bd5
48. Kf2 Nxe5 49. Bxe5 Rxe5 50. Rc5 Re8 51. Be2 Rc8 52. Bc4 Bxc4 53. Rxc4 c5 54.
Ke2 Kg7 55. Kd3 Kf6 56. Ra4 Ke5 57. Ra6 f6 58. Rb6 c4+ 59. Kc3 Rf8 60. Rb5+ Ke4
61. Rf5 Rc8 62. Rxf6 Kxe3 63. Rf5 Rc6 64. Rf8 Rd6 65. Rf7 Rd4 66. Rf6 Rxg4 67.
Rxh6 Rh4 0-1

[Event "9MCR_4D_1L_4S"]
[Site "?"]
[Date "2010.??.??"]
[Round "?"]
[White "Bares, Jiri"]
[Black "Volf, Michal"]
[Result "1/2-1/2"]
[WhiteElo "2218"]
[BlackElo "1760"]
[Annotator "077"]
[PlyCount "112"]
[EventDate "2010.??.??"]
[EventType "corr"]
[SourceDate "2002.06.29"]

1. d4 d5 2. c4 e6 3. Nc3 Nf6 4. Nf3 c5 5. e3 Nc6 6. a3 Bd6 7. dxc5 Bxc5 8. b4
Bd6 9. Bb2 O-O 10. c5 Bb8 11. Be2 e5 12. O-O Bf5 13. b5 Na5 14. Rc1 Re8 15. Na2
Qc7 16. Nh4 Be6 17. Nb4 Nc4 18. Nxd5 Bxd5 19. Bxc4 Qxc5 20. Qb3 Bxc4 21. Rxc4
Qb6 22. Rfc1 Qe6 23. Nf3 h6 24. Rb4 Bd6 25. Qxe6 Rxe6 26. Rbc4 e4 27. Nd4 Re5
28. a4 Rd5 29. Nb3 Re8 30. Bd4 a6 31. bxa6 bxa6 32. Rc8 Kh7 33. g3 Rxc8 34.
Rxc8 Ng4 35. h3 Ne5 36. Bxe5 Bxe5 37. Rc5 Rxc5 38. Nxc5 f5 39. f4 exf3 40. Nxa6
Bxg3 41. Nb4 g5 42. a5 Bd6 43. a6 Bc5 44. Kf2 g4 45. Nc6 gxh3 46. Kxf3 Bxe3 47.
Ne7 f4 48. Nd5 Kg6 49. Nxf4+ Kf5 50. Nxh3 Bb6 51. Nf4 Ke5 52. Kg4 Kd6 53. Kh5
Kc5 54. Ne6+ Kb5 55. Nc7+ Kc6 56. Ne6 Kb5 1/2-1/2